000 00888nam a2200289 i 4500
003 EG-GICUC
005 20260121101216.0
008 251112s1964 ii akb f |||| 001 0 eng d
040 _aEG-GiCUC
_beng
_cEG-GiCUC
_dEG-GiCUC
_erda
041 0 _aeng
082 0 4 _221
_a338.9
_bME . E
092 0 4 _221
099 _aLaw1 13 338.9 ME . E 1964
100 1 _aМehta , J. К.
_eAuthor.
245 1 0 _aEconomics Of Growth /
_cJ. К. Мehta.
264 1 _aBombay :
_bAsia Publishing House ,
_c1964.
300 _a190 pages :
_billustrations ,
_c24 cm.
336 _2rda content
_atext
337 _2rda media
_aComputer
338 _2rda carrier
_aOnline Resource
505 _aIncludes index.
546 _aText in English
650 1 4 _aPublic finance and tax legislation
856 4 0 _uhttps://fll.law.cu.edu.eg/fulltext/bks/B13-07462.pdf
905 _a48
942 _2ddc
_cBK
_e21
_n0
999 _c42930
_d42930